000 00618nam a2200205Ia 4500
005 20250508164436.0
008 008 250505s9999 xx 000 0 eng d
020 _a81-7829-506-7
037 _aBooks to be hide in OPAC
040 _aFEDL
_beng
_cFEDL
041 _aeng
_2eng
084 _a001.42, HAR/O
_qFEDL
100 _aHart Chris
245 0 _aDoing your masters dissertation: Realizing your potential as a social scientist
260 _aNew Delhi, India
_bVistaar Publications
_c2005
300 _a481p.
365 _aINR
_b580
942 _cHB
_h001.42, HAR/O
999 _c1389154
_d1389154